000
002380000a22000970004500
100
1
_a
Gili, Juan
245
1
0
_a
The challenge of south Europe
300
_a
Vol. 16, Núm 60 (1989), Páginas 17
773
0
_t
World Evangelization
942
_c
ANA
999
_c
57850
_d
57850